Foundation of mathematics and other logical essays (Record no. 23147)

MARC details
000 -LEADER
fixed length control field 00395nam a2200145Ia 4500
005 - DATE AND TIME OF LATEST TRANSACTION
control field 20240821151426.0
008 - FIXED-LENGTH DATA ELEMENTS--GENERAL INFORMATION
fixed length control field 240821s9999||||xx |||||||||||||| ||und||
082 ## - DEWEY DECIMAL CLASSIFICATION NUMBER
Classification number 510.08 RAM
100 ## - MAIN ENTRY--PERSONAL NAME
Personal name Ramsey, Frank Plumpton
245 #0 - TITLE STATEMENT
Title Foundation of mathematics and other logical essays
260 ## - PUBLICATION, DISTRIBUTION, ETC.
Place of publication, distribution, etc. Patterson
Name of publisher, distributor, etc. Littlefield, Adams & Co.
Date of publication, distribution, etc. 196
300 ## - PHYSICAL DESCRIPTION
Extent 292p
650 ## - SUBJECT ADDED ENTRY--TOPICAL TERM
Topical term or geographic name entry element Mathematics
942 ## - ADDED ENTRY ELEMENTS (KOHA)
Koha item type Book

No items available.